Europäische Geschichte nach Buchstabe - A - Statistiken

Allgemein
  • Dieses Quiz wurde 68 mal gespielt
  • Das Durchschnittsergebnis liegt bei 12 aus 20
Antwortstatistiken
Hinweis Antwort % Korrekt
Erster Kanzler der Bundesrepublik Deutschlands Konrad Adenauer
100%
Diese oberschwäbische Stadt war in der Renaissance durch die Fuggerfamilie ein europäisches Finanzzentrum Augsburg
97%
Diese Stadt gilt als antike Geburtsstädte der Demokratie, der Tragödie und der platonischen Philosophie Athen
95%
Schüler Platons und einer der bedeutendsten Philosophen der Philosophiegeschichte Aristoteles
87%
Mit dem Sitz der VOC und der niederländischen Westindienkompanie war diese Stadt im 17. Jahrhundert ein Zentrum des Welthandels Amsterdam
79%
Der erste römische Kaiser Gaius Octavian ist meist unter diesem Ehrentitel bekannt Augustus
79%
Berüchtigter Hunnenkönig, der als Geißel Gottes bekannt war Atilla
75%
Diese Stadt in Südfrankreich war im Mittelalter Sitz mehrerer Päpste Avignon
74%
Russischer Zar, welcher die Leibeigenschaft abschaffte Alexander II
64%
Bezeichnung für das altnordische Göttergeschlecht Asen
57%
Ideengeschichtliche Periode des 17. und 18. Jahrhunderts mit Fokus auf Rationalität, die wissenschaftliche Methode und religiöse Toleranz Aufklärung
54%
Dieser Staat war von 1955 bis 1961 Teil des Warschauer Paktes und danach mit China verbündet Albanien
51%
Cheruskerfürst und römischer Ritter, der mit einer germanischen Allianz die Varusschlacht gewinnen konnte Arminius
49%
Auf einen einzelnen Monarchen ausgerichtete Staatsform des 17-19 Jahrhunderts, die maßgeblich durch Ludwig XIV von Frankreich geprägt wurde Absolutismus
48%
Berühmter Erfinder, der seine Heimatstadt Syrakus gegen das römische Reich verteidigte Archimedes
44%
Diese Stadt an der Schelde war eines der wichtigsten Handelszentren des Spätmittelalters Antwerpen
43%
Bezeichnung für den muslimisch kontrollierten Teil der Iberischen Halbinsel im Mittelalter Al-Andalus
38%
Ort der Dreikaiserschlacht zwischen Napoleons Frankreich gegen Österreich und Russland Austerlitz
26%
"Großer" König von Wessex, welcher sein Reich erfolgreich gegen Wikingerangriffe wappnen und zum Hegemon in England machen konnte Alfred der Große
18%
Lange währender Unabhängigkeitskrieg der Niederlande gegen Spanien Achtzigjähriger Krieg
15%
Keine übereinstimmenden Quizze gefunden
Verteilung der Resultate
Anzahl Personen mit jedem Resultat
Perzentil nach korrekt beantworteten Fragen
Ihre Resultats-Entwicklung
Sie haben dieses Quiz noch nicht gespielt